000 01066nam a2200313Ia 4500
003 OSt
005 20221007124002.0
006 a|||||r|||| 00| 0
007 ta
008 221006b |||||||| |||| 00| 0 eng d
020 _a9780521866750 (hbd)
024 _a83804
037 _b111, 18/02/2009, Aviva Books Company
_cTextbook
040 _aCDL
_cCDL
_beng
041 _2eng
_aeng
082 _aC211, P9 Carc
100 _aMeyers Marc Andre
_9718269
245 0 _aMechanical behavior of materials
_b Chawla Krishan Kumar
250 _a2
260 _aCambridge
_bCambridge University Press
_c2009
300 _axxii, 856p.
_ccm.
500 _aIncludes bibliographical references.; Appendix 844-849p.; Index 851-856p.
650 _a Biological materials
_9718270
650 _a Solid solutions
_9718271
650 _aChemistry
700 _a Chawla Krishan Kumar
_9718272
942 _hC211, P9 Carc
_cTB
_2CC
999 _c1212756
_d1212756